000 00560nam a2200181Ia 4500
005 20250508161928.0
008 008 250505s9999 xx 000 0 eng d
037 _aBooks to be hide in OPAC
040 _aFEDL
_beng
_cFEDL
041 _aeng
_2eng
084 _a001.422, IND
_qFEDL
245 0 _aEducational statistics district wise 1976-77. 2 Vol
245 0 _cGovernment of India
260 _aNew Delhi, India
_bMinistry of Education and Social Welfare
_c1978
300 _a68p.
942 _cHB
_h001.422, IND
999 _c1373298
_d1373298